000 00889nam a22001937a 4500
999 _c63639
_d63639
003 Ge_BSU
005 20251120145247.0
008 251120s1963 ge ||||| |||| 00| 0 geo d
041 _ageo
080 _a908(47+57) ფ-64
100 _aფირცხალავა, გერასიმე
_926284
245 _aსოციალიზმის იდეების დიადი მიმზიდველი ძალა /
_cგერასიმე ფირცხალავა.
264 _aთბილისი :
_b საბჭ. საქართველო,
_c1963.
300 _a165 გვ. ;
_b21 სმ.
504 _aბიბლიოგრაფია შენიშვნებში.
653 _aსსრკ კომუნისტური მშენებლობა
653 _aსოციალიზმი.
942 _2udc
_cᲬᲘᲒᲜᲘ